| 000 | 00435nam a2200181Ia 4500 | ||
|---|---|---|---|
| 001 | 4818 | ||
| 005 | 20260306145822.0 | ||
| 008 | 260306t2017||||xx |||||||||||||| ||spa|| | ||
| 041 | _aESP | ||
| 082 |
_a330.1556 _bS735 |
||
| 100 |
_aSen, Amartya _eAUT |
||
| 245 | 0 | _aCollective choice and social welfare | |
| 260 | _c2017 | ||
| 300 |
_axxxvii, 601 páginas : _c22 cm. |
||
| 650 | _aGEN | ||
| 654 | _aCAN | ||
| 942 |
_cLIB _dJUS _fJUS _2ddc _n |
||
| 999 |
_c4818 _d4818 |
||